Online
Catalog

Para obsequio a la deydad : (Record no. 36202)

MARC details
000 -CABECERA
campo de control de longitud fija 00827nam a2200193 a 4500
001 - NÚMERO DE CONTROL
campo de control 000036711
005 - FECHA Y HORA DE LA ÚLTIMA TRANSACCIÓN
campo de control 20200930075905.0
008 - DATOS DE LONGITUD FIJA--INFORMACIÓN GENERAL
campo de control de longitud fija 120125s1997 es a 000 0 spa d
020 ## - NÚMERO INTERNACIONAL ESTÁNDAR DEL LIBRO
Número Internacional Estándar del Libro 8478203648
040 ## - FUENTE DE LA CATALOGACIÓN
Centro catalogador/agencia de origen DO-SdBNP
Lengua de catalogación spa
Centro/agencia transcriptor BNPHU
100 ## - ENTRADA PRINCIPAL--NOMBRE DE PERSONA
Nombre de persona Nebra, José de
Títulos y otros términos asociados al nombre 1702-1768.
9 (RLIN) 63011
245 10 - MENCIÓN DE TÍTULO
Título Para obsequio a la deydad :
Resto del título nunca es culto la crueldad :y Iphigenia en Tracia /
Mención de responsabilidad, etc. José de Nebra ; texto de Nicolás González Martínez ; estudio y transcripción María Salud Álvarez Martínez.
260 ## - PUBLICACIÓN, DISTRIBUCIÓN, ETC.
Lugar de publicación, distribución, etc. Zaragoza :
Nombre del editor, distribuidor, etc. Institución Fernando el Católico,
Fecha de publicación, distribución, etc. 1997.
300 ## - DESCRIPCIÓN FÍSICA
Extensión 1 partitura (383 p.) ;
Dimensiones 32 cm.
490 1# - MENCIÓN DE SERIE
Mención de serie Obra selecta.
-- Música escénica ;
Designación de volumen o secuencia 2
700 12 - PUNTO DE ACCESO ADICIONAL--NOMBRE DE PERSONA
Nombre de persona Álvarez Martínez, María Salud
9 (RLIN) 63012
700 12 - PUNTO DE ACCESO ADICIONAL--NOMBRE DE PERSONA
Nombre de persona González Martínez, Nicolás
9 (RLIN) 63013
830 #0 - PUNTO DE ACCESO ADICIONAL DE SERIE-TÍTULO UNIFORME
Título uniforme Obra selecta.
Nombre de parte o sección de la obra Música escénica
Designación de volumen o secuencia 2
9 (RLIN) 63014
Holdings
Estado de retiro Estado de pérdida Restricciones de uso No para préstamo Código de colección Localización permanente Ubicación/localización actual Ubicación en estantería Fecha de adquisición Número de inventario Total de préstamos Signatura topográfica completa Código de barras Fecha visto por última vez Precio válido a partir de Tipo de ítem Koha
      Excluido de préstamo Monografías: Libros y Folletos General General En catalogación 25.01.2012 LF1   36711-10 25.06.2020 25.06.2020 No se presta

Powered by Koha